00778 2200241 4500001002100000005001500021035002000036245016200056100005000218250000600268300003800274700002300312260003200335082001100367084001800378020002200396650003300418990001700451990001700468990001700485990001700502990001700519INLIS00000000000006420180814111354 a0010-08180000281 aTerjemah Syarah Matan Sunan At Turmudzi :bKajian Tentang Keutamaan Bersuci /cAl Imam Hafizh Abul 'Ula Muhammad Abdurrahman; Alih bahasa, Drs. Zaenuri Siroj0 aAl Imam Hafizh Abul 'Ula Muhammad Abdurrahman a- axxiii, 47 hlm. :bilus. ;c25 cm.0 aDrs. Zaenuri Siroj aJakarta :bPT Albama,c2009 a297.14 a297.14 IMA t a978-602-316-895-8 aFiqih ( Bersuci / Thaharoh ) a00269/P/2018 a00270/P/2018 a00271/P/2018 a00272/P/2018 a00273/P/2018